[Event "Banff op"]
[Site "Banff CAN"]
[Date "2022.11.13"]
[Round "5.26"]
[White "Koperski, Dustin"]
[Black "Moore, Kevin"]
[Result "1/2-1/2"]
[WhiteElo "1949"]
[BlackElo "1655"]
[PlyCount "66"]
[EventDate "2022.11.11"]
[EventType "swiss"]
[EventRounds "6"]
[EventCountry "CAN"]

1. e4 e6 2. b3 d5 3. Bb2 dxe4 4. Nc3 Nf6 5. Qe2 Nc6 6. O-O-O Nd4 7. Qe1 Bd6 8.
Nxe4 Nxe4 9. Qxe4 c5 10. h4 e5 11. d3 f5 12. Qe1 Qc7 13. Ne2 O-O 14. h5 h6 15.
Nc3 Be6 16. Be2 b5 17. f3 Qf7 18. g4 fxg4 19. fxg4 Qf4+ 20. Kb1 Nxe2 21. Nxe2
Qxg4 22. Nc3 Qb4 23. a3 Qa5 24. Ne4 Qxe1 25. Rdxe1 Be7 26. Bxe5 c4 27. dxc4
bxc4 28. b4 Bd5 29. Rhg1 Rf7 30. Nc3 Bf3 31. Rxg7+ Rxg7 32. Bxg7 Bg5 33. Bd4
Bxh5 1/2-1/2

[Event "Banff op"]
[Site "Banff CAN"]
[Date "2022.11.13"]
[Round "6.1"]
[White "Khodjimatov, Sherzod"]
[Black "Arruebarrena, Rafael"]
[Result "0-1"]
[WhiteElo "2282"]
[BlackElo "2238"]
[PlyCount "64"]
[EventDate "2022.11.11"]
[EventType "swiss"]
[EventRounds "6"]
[EventCountry "CAN"]

1. e4 c5 2. Nc3 Nc6 3. g3 g6 4. Bg2 Bg7 5. d3 d6 6. Be3 Nd4 7. Qd2 e5 8. Nce2
Ne7 9. c3 Ne6 10. f4 O-O 11. Nf3 exf4 12. Nxf4 Nxf4 13. gxf4 Qc7 14. O-O d5 15.
f5 gxf5 16. exd5 Nxd5 17. Bh6 f4 18. Bxg7 Kxg7 19. d4 Ne3 20. Rf2 Kh8 21. dxc5
Qxc5 22. Qd4+ Qxd4 23. Nxd4 Rg8 24. Kh1 Nxg2 25. Rxg2 Bh3 26. Rf2 Raf8 27. Rxf4
Bg2+ 28. Kg1 Bd5+ 29. Kf1 Rg2 30. Rf2 Rfg8 31. Rd1 Bc4+ 32. Ke1 Re8+ 0-1

[Event "Banff op"]
[Site "Banff CAN"]
[Date "2022.11.13"]
[Round "6.2"]
[White "Doknjas, Neil"]
[Black "De Firmian, Nick"]
[Result "0-1"]
[WhiteElo "2241"]
[BlackElo "2550"]
[PlyCount "74"]
[EventDate "2022.11.11"]
[EventType "swiss"]
[EventRounds "6"]
[EventCountry "CAN"]

1. e4 Nf6 2. e5 Nd5 3. d4 d6 4. c4 Nb6 5. exd6 exd6 6. Nc3 Be7 7. Bd3 N8d7 8.
Nge2 O-O 9. Qc2 Nf6 10. O-O Re8 11. Ng3 c6 12. Bf4 g6 13. Rad1 d5 14. c5 Nbd7
15. h4 Nf8 16. h5 Nxh5 17. Nxh5 gxh5 18. Be5 Ng6 19. f4 Bg4 20. b4 Bf8 21. Rde1
Qh4 22. Re3 Bh6 23. g3 Qd8 24. Bf5 a5 25. Na4 axb4 26. Bxg4 hxg4 27. Nb6 f6 28.
Nxa8 Qxa8 29. Rb3 fxe5 30. fxe5 Rf8 31. Rxb4 Be3+ 32. Kg2 Rxf1 33. Kxf1 Qf8+
34. Ke1 Qf3 35. Qb2 Qxg3+ 36. Kd1 Qf3+ 37. Kc2 g3 0-1

[Event "Banff op"]
[Site "Banff CAN"]
[Date "2022.11.13"]
[Round "6.3"]
[White "Nones, Teodulfo II"]
[Black "Wolchock, Theo"]
[Result "1/2-1/2"]
[WhiteElo "2347"]
[BlackElo "2212"]
[PlyCount "78"]
[EventDate "2022.11.11"]
[EventType "swiss"]
[EventRounds "6"]
[EventCountry "CAN"]

1. e4 c5 2. Nf3 Nc6 3. g3 e5 4. Bg2 g6 5. O-O Bg7 6. d3 Nge7 7. Be3 d6 8. Qd2
O-O 9. Bh6 f5 10. Bxg7 Kxg7 11. c3 Rb8 12. a3 a5 13. a4 b5 14. axb5 Rxb5 15.
Na3 Rb8 16. Rfe1 Qc7 17. Nc4 Be6 18. exf5 Nxf5 19. Ng5 Bg8 20. Ne3 Nxe3 21.
fxe3 d5 22. c4 Qd6 23. cxd5 Bxd5 24. Ne4 Bxe4 25. Bxe4 Nb4 26. Rxa5 c4 27. Qc3
Nxd3 28. Bxd3 cxd3 29. Rxe5 Qf6 30. Re7+ Kh6 31. Qxf6 Rxf6 32. Rd1 Rxb2 33.
Rxd3 Ra6 34. Rf7 Ra1+ 35. Rf1 Raa2 36. Rf4 Rb1+ 37. Rf1 Rbb2 38. Rf4 Rb1+ 39.
Rf1 Rbb2 1/2-1/2

[Event "Banff op"]
[Site "Banff CAN"]
[Date "2022.11.13"]
[Round "6.4"]
[White "Lin, Leo"]
[Black "Ng, Gary"]
[Result "1-0"]
[WhiteElo "2130"]
[BlackElo "2378"]
[PlyCount "81"]
[EventDate "2022.11.11"]
[EventType "swiss"]
[EventRounds "6"]
[EventCountry "CAN"]

1. e4 c6 2. Nf3 d5 3. exd5 cxd5 4. Ne5 Nd7 5. d4 Nxe5 6. dxe5 e6 7. Nd2 Ne7 8.
Nf3 Nc6 9. c3 Qc7 10. Bf4 Bc5 11. Bd3 h6 12. O-O Bd7 13. Rc1 Qb6 14. b4 Be7 15.
a4 a6 16. Rb1 Rc8 17. b5 axb5 18. Bxb5 Qa5 19. Qd3 O-O 20. Rfc1 Rfd8 21. Qe3
Bf8 22. Bd3 Qa8 23. Bc2 Na5 24. Bxh6 gxh6 25. Qd3 Bg7 26. g4 Rc4 27. Qh7+ Kf8
28. g5 hxg5 29. Nxg5 Rg4+ 30. Kh1 Rxg5 31. Rg1 Rxg1+ 32. Rxg1 Bxe5 33. Rg8+ Ke7
34. Qh4+ f6 35. Qb4+ Kf7 36. Rg7+ Kxg7 37. Qe7+ Kh6 38. Qh7+ Kg5 39. Qg6+ Kh4
40. Qh6+ Kg4 41. h3+ 1-0

[Event "Banff op"]
[Site "Banff CAN"]
[Date "2022.11.13"]
[Round "6.5"]
[White "Kostadinov, Georgi"]
[Black "Malek, Omid"]
[Result "1-0"]
[WhiteElo "2185"]
[BlackElo "2190"]
[PlyCount "59"]
[EventDate "2022.11.11"]
[EventType "swiss"]
[EventRounds "6"]
[EventCountry "CAN"]

1. c4 c5 2. Nc3 Nc6 3. g3 g6 4. Bg2 Bg7 5. Nf3 d6 6. d3 e6 7. O-O Nge7 8. e3 e5
9. a3 a5 10. Rb1 O-O 11. Bd2 h6 12. Re1 f5 13. Qc1 g5 14. Kh1 Ng6 15. Nd5 e4
16. dxe4 fxe4 17. Ng1 Rxf2 18. Rf1 Rxg2 19. Kxg2 Nce5 20. Bc3 Nd3 21. Qd1 Nge5
22. Qc2 Be6 23. Bxe5 Bxe5 24. Nc3 Bxc4 25. Nxe4 d5 26. Rf5 Qe7 27. Nf2 Bxb2 28.
Nf3 Qxe3 29. Rxb2 g4 30. Nxg4 1-0

[Event "Banff op"]
[Site "Banff CAN"]
[Date "2022.11.13"]
[Round "6.6"]
[White "Kaufman, Raymond"]
[Black "Rekhson, Vladislav"]
[Result "1-0"]
[WhiteElo "2340"]
[BlackElo "2122"]
[PlyCount "82"]
[EventDate "2022.11.11"]
[EventType "swiss"]
[EventRounds "6"]
[EventCountry "CAN"]

1. Nf3 c5 2. e4 a6 3. c3 d5 4. exd5 Qxd5 5. d4 e6 6. Bd3 Nc6 7. dxc5 Bxc5 8.
Qe2 Nf6 9. O-O O-O 10. Bg5 Be7 11. Rd1 Qa5 12. Nbd2 Qc7 13. h4 e5 14. Nc4 h6
15. Bxf6 gxf6 16. Ne3 Re8 17. Nd5 Qd8 18. Bc4 Bf8 19. Qe3 Rb8 20. b4 f5 21. a4
e4 22. b5 Na5 23. Ba2 Be6 24. Nd4 Qxh4 25. g3 Qg5 26. Qxg5+ hxg5 27. Nf6+ Kg7
28. Nxe8+ Rxe8 29. Nxe6+ fxe6 30. Rd7+ Kf6 31. Rad1 e3 32. fxe3 Bc5 33. Rd8
Bxe3+ 34. Kg2 Rxd8 35. Rxd8 axb5 36. axb5 Ke7 37. Rh8 Bd2 38. Rh6 Bxc3 39.
Rxe6+ Kd7 40. Rg6 Bd2 41. Kf3 Kc7 {illisible} 1-0

[Event "Banff op"]
[Site "Banff CAN"]
[Date "2022.11.13"]
[Round "6.7"]
[White "Vasic, Maxim"]
[Black "Findlay, Ian"]
[Result "1-0"]
[WhiteElo "2119"]
[BlackElo "2304"]
[PlyCount "91"]
[EventDate "2022.11.11"]
[EventType "swiss"]
[EventRounds "6"]
[EventCountry "CAN"]

1. c4 e6 2. Nc3 d5 3. cxd5 exd5 4. d4 Nf6 5. Bg5 Bb4 6. e3 h6 7. Bxf6 Qxf6 8.
Bd3 O-O 9. Nf3 c6 10. O-O Bg4 11. Qb3 Bxf3 12. Qxb4 Qg5 13. g3 Qg4 14. Rfe1 b6
15. Qd6 Qh3 16. Bf1 Qe6 17. Qxe6 fxe6 18. Rac1 Nd7 19. Bh3 Kf7 20. e4 Nf6 21.
exd5 exd5 22. Re6 c5 23. Nb5 c4 24. Nd6+ Kg8 25. Re7 Bg4 26. Bg2 a6 27. h3 Rad8
28. Nb7 Rd7 29. Rce1 Rb8 30. hxg4 Rbxb7 31. Rxd7 Rxd7 32. Re6 b5 33. Rxa6 b4
34. Rb6 c3 35. Rxb4 Rc7 36. bxc3 Rxc3 37. a4 Rc1+ 38. Bf1 Ne4 39. Kg2 Rc2 40.
a5 Rxf2+ 41. Kg1 Ra2 42. a6 Ng5 43. Bb5 Kf7 44. Ra4 Nf3+ 45. Kf1 Rd2 46. Be2
1-0

[Event "Banff op"]
[Site "Banff CAN"]
[Date "2022.11.13"]
[Round "6.8"]
[White "Kim, Noah"]
[Black "Tolentino, Patrick Angelo"]
[Result "0-1"]
[WhiteElo "2069"]
[BlackElo "2250"]
[PlyCount "68"]
[EventDate "2022.11.11"]
[EventType "swiss"]
[EventRounds "6"]
[EventCountry "CAN"]

1. e4 c6 2. d4 d5 3. e5 Bf5 4. h4 h5 5. c4 e6 6. Nc3 dxc4 7. Bxc4 Nd7 8. Nf3
Bg4 9. Be2 Ne7 10. Bg5 Qb6 11. Qd2 Nf5 12. Rd1 Qc7 13. O-O Nb6 14. Nh2 Bxe2 15.
Qxe2 Be7 16. Nf3 a6 17. Qe4 O-O-O 18. b4 Nd5 19. Nxd5 Rxd5 20. Bd2 Qd8 21. Bg5
Bxg5 22. hxg5 Qb6 23. g6 fxg6 24. Rd3 Rhd8 25. Rfd1 Qxb4 26. g4 hxg4 27. Qxg4
Qe7 28. Qxg6 c5 29. Rc1 Kb8 30. a4 Nxd4 31. Nxd4 Rxd4 32. Rf3 R8d7 33. a5 Qh4
34. Qe8+ Rd8 0-1

[Event "Banff op"]
[Site "Banff CAN"]
[Date "2022.11.13"]
[Round "6.9"]
[White "Chandra, Anand Rishi"]
[Black "Yang, Jingyun (Ryan)"]
[Result "1-0"]
[WhiteElo "2063"]
[BlackElo "2237"]
[PlyCount "57"]
[EventDate "2022.11.11"]
[EventType "swiss"]
[EventRounds "6"]
[EventCountry "CAN"]

1. e4 Nf6 2. e5 Nd5 3. d4 d6 4. Nf3 dxe5 5. Nxe5 c6 6. Be2 g6 7. O-O Bg7 8. Nf3
O-O 9. h3 Bf5 10. a3 Qc7 11. Bd3 Bxd3 12. Qxd3 Nd7 13. Nc3 Nxc3 14. Qxc3 e6 15.
Be3 Nf6 16. Qd2 Rfd8 17. Bf4 Qb6 18. Be5 Ne4 19. Qf4 Bxe5 20. dxe5 Nc5 21. b4
Na4 22. Qh6 Qc7 23. Ng5 Rac8 24. Rae1 Nb6 25. Nxh7 f5 26. Nf6+ Kf7 27. Qh7+ Kf8
28. Qg8+ Ke7 29. Qg7# 1-0

[Event "Banff op"]
[Site "Banff CAN"]
[Date "2022.11.13"]
[Round "6.12"]
[White "Hobbs, Richard"]
[Black "Dorn, Paris"]
[Result "0-1"]
[WhiteElo "1876"]
[BlackElo "2096"]
[PlyCount "96"]
[EventDate "2022.11.11"]
[EventType "swiss"]
[EventRounds "6"]
[EventCountry "CAN"]

1. e4 e6 2. d4 d5 3. Nc3 Nf6 4. Bg5 Bb4 5. e5 h6 6. Bd2 Bxc3 7. bxc3 Ne4 8. Bd3
Nxd2 9. Qxd2 c5 10. Nf3 c4 11. Be2 Bd7 12. O-O b5 13. Ne1 Nc6 14. f4 h5 15. g3
Ne7 16. Ng2 a5 17. Ne3 Rb8 18. Bf3 g6 19. Rfb1 Kf8 20. a3 Kg7 21. Qg2 Nc6 22.
Rf1 Qc7 23. Bxd5 exd5 24. Nxd5 Qa7 25. Qf2 Be6 26. Ne3 Ne7 27. Rfd1 Qb7 28.
Rab1 Qe4 29. Re1 Qc6 30. Rf1 Rhd8 31. Rfd1 Nd5 32. Nxd5 Qxd5 33. Qg2 Qd7 34.
Qf2 Bd5 35. Re1 Bc6 36. Kf1 b4 37. axb4 axb4 38. cxb4 Qxd4 39. Qxd4 Rxd4 40. c3
Rd2 41. Re2 Rd3 42. Rc1 Bd7 43. Ra2 h4 44. Ra7 Bh3+ 45. Kf2 Rbd8 46. Rc2 Rd1
47. Re2 Rf1+ 48. Ke3 Rd3+ 0-1

[Event "Banff op"]
[Site "Banff CAN"]
[Date "2022.11.13"]
[Round "6.13"]
[White "Valentino, Marcos"]
[Black "Wu, Nathan"]
[Result "0-1"]
[WhiteElo "2041"]
[BlackElo "1842"]
[PlyCount "77"]
[EventDate "2022.11.11"]
[EventType "swiss"]
[EventRounds "6"]
[EventCountry "CAN"]

1. Nf3 d5 2. d4 c5 3. c3 Nc6 4. g3 Nf6 5. Bg2 Bf5 6. O-O e6 7. Nh4 Be4 8. f3
Bf5 9. Nxf5 exf5 10. Qd3 g6 11. dxc5 Bxc5+ 12. Kh1 O-O 13. Bg5 Be7 14. Qb5 Rb8
15. Rd1 a6 16. Qb3 Nd7 17. Bh6 Nc5 18. Qc2 Re8 19. Nd2 Qb6 20. Bf1 Ne6 21. Kg2
d4 22. c4 Bf6 23. a3 Rbd8 24. Rab1 Ne5 25. b4 Qc6 26. h3 d3 27. Qa2 Nd4 28. Re1
dxe2 29. Bxe2 g5 30. b5 Qd6 31. f4 Nxe2 32. Rxe2 Nd3 33. Rxe8+ Rxe8 34. Nf3 g4
35. Ng5 Bxg5 36. Bxg5 Ne1+ 37. Kh2 Qd3 38. Rb2 Qf1 39. Rf2 0-1

[Event "Banff op"]
[Site "Banff CAN"]
[Date "2022.11.13"]
[Round "6.14"]
[White "Leong, Aiden"]
[Black "Yearwood, Roy"]
[Result "1-0"]
[WhiteElo "1779"]
[BlackElo "2032"]
[PlyCount "69"]
[EventDate "2022.11.11"]
[EventType "swiss"]
[EventRounds "6"]
[EventCountry "CAN"]

1. Nf3 Nf6 2. g3 g6 3. Bg2 Bg7 4. O-O O-O 5. b3 Ne4 6. d4 f5 7. Bb2 a5 8. Nbd2
e6 9. c4 a4 10. Ne5 a3 11. Bc1 Nc3 12. Qe1 c5 13. e3 d6 14. Nef3 Nc6 15. Nb1
Nxb1 16. Rxb1 cxd4 17. exd4 Nxd4 18. Nxd4 Bxd4 19. Qb4 Ra6 20. Rd1 Bc5 21. Qd2
e5 22. Bd5+ Kh8 23. b4 Bd4 24. Qe2 f4 25. Bxf4 Rxf4 26. gxf4 Bf5 27. Rb3 Qh4
28. Rxd4 exd4 29. Qe8+ Kg7 30. Qg8+ Kh6 31. Qf8+ Kh5 32. Rg3 Qxf4 33. Bf3+ Kh4
34. Qf6+ g5 35. Qh6# 1-0

[Event "Banff op"]
[Site "Banff CAN"]
[Date "2022.11.13"]
[Round "6.15"]
[White "Taylor, Tristan"]
[Black "Barbosa Landre, Geraldo"]
[Result "1-0"]
[WhiteElo "2020"]
[BlackElo "1852"]
[PlyCount "83"]
[EventDate "2022.11.11"]
[EventType "swiss"]
[EventRounds "6"]
[EventCountry "CAN"]

1. e4 e6 2. d4 d5 3. Nc3 dxe4 4. Nxe4 Bd7 5. Nf3 Bc6 6. Bd3 Nd7 7. O-O Ngf6 8.
Ng3 Be7 9. c3 O-O 10. Re1 Bxf3 11. Qxf3 c6 12. b3 Re8 13. Bb2 Qc7 14. c4 Rac8
15. Rad1 a6 16. Nf1 Qa5 17. a3 Qh5 18. Qg3 Bd8 19. f4 Bb6 20. Kh1 Qg4 21. Qf2
e5 22. c5 exf4 23. cxb6 Nxb6 24. Nd2 Nbd5 25. Nf3 Ne3 26. Rb1 Rcd8 27. Bc1 Nfd5
28. Bd2 Rd6 29. Ne5 Qh5 30. Be2 Qf5 31. Bc4 Rxe5 32. dxe5 Rg6 33. Bxd5 Nxd5 34.
Qf3 Qg5 35. Re2 Qh4 36. Rf1 Rg4 37. e6 fxe6 38. Rxe6 Kf7 39. Re4 g5 40. Be1 Qh5
41. Re5 Nf6 42. Rf5 1-0

[Event "Banff op"]
[Site "Banff CAN"]
[Date "2022.11.13"]
[Round "6.17"]
[White "Nechio, Douglas"]
[Black "Van den Born, Ico"]
[Result "0-1"]
[WhiteElo "1917"]
[BlackElo "2074"]
[PlyCount "50"]
[EventDate "2022.11.11"]
[EventType "swiss"]
[EventRounds "6"]
[EventCountry "CAN"]

1. e4 e6 2. d4 d5 3. Nc3 Bb4 4. e5 c5 5. a3 Bxc3+ 6. bxc3 Ne7 7. Qg4 O-O 8. h4
f5 9. exf6 Rxf6 10. Bg5 Rf7 11. dxc5 Nbc6 12. Nh3 Qa5 13. Qg3 Nf5 14. Qd3 Ne5
15. Qd2 Qxc5 16. Be2 Nc4 17. Bxc4 Qxc4 18. Qd3 Rc7 19. g4 Qxg4 20. Bf4 Rc4 21.
Rg1 Qxh4 22. Qf3 Qf6 23. Bd2 Re4+ 24. Kd1 Ne3+ 25. Qxe3 Rxe3 0-1

[Event "Banff op"]
[Site "Banff CAN"]
[Date "2022.11.13"]
[Round "6.18"]
[White "Bai, Jinghui"]
[Black "Taylor, Ashton"]
[Result "1-0"]
[WhiteElo "2026"]
[BlackElo "1926"]
[PlyCount "59"]
[EventDate "2022.11.11"]
[EventType "swiss"]
[EventRounds "6"]
[EventCountry "CAN"]

1. c4 Nf6 2. Nc3 e6 3. e4 d5 4. e5 d4 5. exf6 dxc3 6. bxc3 Qxf6 7. d4 c5 8. Nf3
h6 9. Bd3 cxd4 10. cxd4 Bb4+ 11. Kf1 O-O 12. Bb2 Qe7 13. a3 Bd6 14. Qe2 Nd7 15.
h4 Re8 16. Ne5 Bxe5 17. dxe5 Nc5 18. Bc2 b6 19. Rh3 Bb7 20. Qg4 Red8 21. Rg3
Qf8 22. Re1 Rd2 23. Re2 Rad8 24. Bc1 R2d4 25. Qh5 Ba6 26. Bxh6 Bxc4 27. Bh7+
Kh8 28. Bxg7+ Qxg7 29. Bd3+ Kg8 30. Qh7+ 1-0

[Event "Banff op"]
[Site "Banff CAN"]
[Date "2022.11.13"]
[Round "6.19"]
[White "D'Souza, Carina"]
[Black "Cheng, Louis"]
[Result "1-0"]
[WhiteElo "1794"]
[BlackElo "2002"]
[PlyCount "129"]
[EventDate "2022.11.11"]
[EventType "swiss"]
[EventRounds "6"]
[EventCountry "CAN"]

1. e4 g6 2. d4 Bg7 3. Nc3 d6 4. f4 Nf6 5. Nf3 O-O 6. Be2 c6 7. e5 Nd5 8. Nxd5
cxd5 9. O-O Bg4 10. h3 Bf5 11. Bd3 Bxd3 12. Qxd3 Qb6 13. Kh2 Na6 14. c3 Qc7 15.
Bd2 Qd7 16. Rae1 Nc7 17. g4 f6 18. e6 Qb5 19. Qxb5 Nxb5 20. f5 a5 21. Nh4 g5
22. Ng2 Nc7 23. Rh1 h6 24. Ne3 Kh7 25. h4 Rh8 26. h5 b5 27. a4 Rhb8 28. Ra1 Kg8
29. axb5 Kf8 30. Ra2 Ke8 31. Rha1 Rxb5 32. b4 Kd8 33. Kg2 Kc8 34. Kf2 Kb7 35.
Rxa5 Raxa5 36. Rxa5 Rxa5 37. bxa5 Kc6 38. Ke2 Kb5 39. Kd3 Kxa5 40. c4+ Kb6 41.
Bb4 dxc4+ 42. Kxc4 Bf8 43. Bc3 Bg7 44. Bd2 Bf8 45. Bb4 Nb5 46. Nd5+ Kc6 47. Ne3
Kb6 48. Nd1 Nc7 49. Nc3 Bg7 50. Ne2 Bf8 51. Nc1 Kc6 52. Nb3 Nb5 53. Na5+ Kb6
54. d5 Na7 55. Bd2 Ka6 56. Be1 Nb5 57. Nc6 Na3+ 58. Kc3 Nb5+ 59. Kb4 Nc7 60.
Kc4 Kb6 61. Bb4 Ne8 62. Ba5+ Kb7 63. Bd8 Kc8 64. Bxe7 Bg7 65. Na7+ 1-0

[Event "Banff op"]
[Site "Banff CAN"]
[Date "2022.11.13"]
[Round "6.20"]
[White "Wu, Jonathan"]
[Black "Liu, Zachary"]
[Result "1-0"]
[WhiteElo "1989"]
[BlackElo "1963"]
[PlyCount "87"]
[EventDate "2022.11.11"]
[EventType "swiss"]
[EventRounds "6"]
[EventCountry "CAN"]

1. e4 c5 2. Nc3 Nc6 3. Bb5 Nd4 4. Nf3 a6 5. Bd3 g6 6. Rb1 Bg7 7. b4 cxb4 8.
Rxb4 Nc6 9. Rb1 d6 10. Bb2 Nf6 11. O-O O-O 12. Re1 Nd7 13. Bf1 Nde5 14. Nxe5
dxe5 15. g3 h5 16. Bg2 b5 17. h3 Rb8 18. Ne2 Qb6 19. Nc3 Qa7 20. Nd5 Rd8 21.
Rf1 a5 22. Ne3 Be6 23. Ba1 Bxa2 24. Rc1 h4 25. gxh4 Be6 26. h5 Qd7 27. d3 Bxh3
28. Qf3 Bxg2 29. Kxg2 Qe6 30. Rh1 gxh5 31. Rcg1 Kf8 32. Kf1 Bf6 33. Rxh5 Ke8
34. Nd5 Kd7 35. Rh6 Rf8 36. Nxf6+ exf6 37. Rxf6 Qa2 38. Qf5+ Ke8 39. Rxc6 Qxa1+
40. Ke2 Qd4 41. c3 Qa7 42. Qxe5+ Kd8 43. Qd6+ Ke8 44. Rc7 1-0

[Event "Banff op"]
[Site "Banff CAN"]
[Date "2022.11.13"]
[Round "6.21"]
[White "Zacharias, Nicholas"]
[Black "Xu, Andrew"]
[Result "0-1"]
[WhiteElo "1781"]
[BlackElo "1962"]
[PlyCount "54"]
[EventDate "2022.11.11"]
[EventType "swiss"]
[EventRounds "6"]
[EventCountry "CAN"]

1. e4 c6 2. d4 d5 3. f3 e6 4. Nc3 Nd7 5. Bf4 Ngf6 6. e5 Ng8 7. Nce2 c5 8. c3
Ne7 9. Ng3 Nc6 10. Bb5 cxd4 11. Bxc6 bxc6 12. cxd4 c5 13. N1e2 cxd4 14. O-O Ba6
15. Kh1 Bc5 16. Nh5 O-O 17. Qd2 Rb8 18. Bg5 Bb4 19. Qf4 Qe8 20. Nf6+ gxf6 21.
Bxf6 Nxf6 22. exf6 Kh8 23. Qh6 Rg8 24. Nf4 Bd2 25. Rfe1 Bxe1 26. Rxe1 d3 27.
Re5 Qf8 0-1

[Event "Banff op"]
[Site "Banff CAN"]
[Date "2022.11.13"]
[Round "6.22"]
[White "Xie, Tao"]
[Black "Moore, Pat"]
[Result "1-0"]
[WhiteElo "1838"]
[BlackElo "1777"]
[PlyCount "97"]
[EventDate "2022.11.11"]
[EventType "swiss"]
[EventRounds "6"]
[EventCountry "CAN"]

1. e4 c5 2. c3 Nc6 3. d4 cxd4 4. cxd4 d6 5. Nf3 Nf6 6. Nc3 a6 7. Be2 e6 8. O-O
Be7 9. Be3 O-O 10. h3 b5 11. a3 Bb7 12. Nd2 Rc8 13. f4 Qb6 14. Kh2 e5 15. dxe5
Qxe3 16. exf6 Bxf6 17. Nd5 Qd4 18. a4 Na7 19. axb5 Nxb5 20. Bxb5 axb5 21. Nf3
Qxe4 22. Nxf6+ gxf6 23. Qxd6 Rc6 24. Qd4 f5 25. Rae1 Qxd4 26. Nxd4 Rg6 27. Rf2
Be4 28. Nxb5 Rd8 29. Nc3 Re6 30. Rfe2 Rde8 31. g4 Bd3 32. Rxe6 Rxe6 33. Rxe6
fxe6 34. g5 Kf7 35. Kg3 Bc4 36. Kh4 Bb3 37. Nb5 Ke7 38. Kh5 Bd1+ 39. Kh6 e5 40.
fxe5 f4 41. Nd4 Kf7 42. Kxh7 Bh5 43. e6+ Ke7 44. Nf5+ Kf8 45. e7+ Kf7 46. e8=Q+
Kxe8 47. Ng7+ Kf7 48. Nxh5 f3 49. Ng3 1-0

[Event "Banff op"]
[Site "Banff CAN"]
[Date "2022.11.13"]
[Round "6.23"]
[White "Chen, Ricky"]
[Black "Russell, Wesley"]
[Result "1-0"]
[WhiteElo "1764"]
[BlackElo "1713"]
[PlyCount "51"]
[EventDate "2022.11.11"]
[EventType "swiss"]
[EventRounds "6"]
[EventCountry "CAN"]

1. Nf3 d5 2. g3 Nf6 3. Bg2 e6 4. O-O Be7 5. c4 O-O 6. d4 c6 7. Nc3 Nbd7 8. cxd5
exd5 9. Bf4 Re8 10. Rc1 Nf8 11. Qc2 Ng6 12. Be3 Ng4 13. Qd3 Nxe3 14. fxe3 h5
15. e4 dxe4 16. Nxe4 h4 17. Nxh4 Nxh4 18. gxh4 Bxh4 19. Qf3 Qxd4+ 20. e3 Qd7
21. Qh5 Qe7 22. Rf4 g5 23. Nf6+ Qxf6 24. Rxf6 Be6 25. Rcf1 Re7 26. Be4 1-0

[Event "Banff op"]
[Site "Banff CAN"]
[Date "2022.11.13"]
[Round "6.24"]
[White "Ming, Jerry"]
[Black "Darvekar, Yash"]
[Result "1/2-1/2"]
[WhiteElo "1731"]
[BlackElo "1840"]
[PlyCount "55"]
[EventDate "2022.11.11"]
[EventType "swiss"]
[EventRounds "6"]
[EventCountry "CAN"]

1. e4 c5 2. c3 Nf6 3. e5 Nd5 4. d4 cxd4 5. cxd4 Nc6 6. Nf3 d6 7. Bc4 Nb6 8. Bb5
a6 9. Bxc6+ bxc6 10. Nc3 g6 11. O-O Bg7 12. Bf4 O-O 13. exd6 exd6 14. Ne4 d5
15. Nc5 Bg4 16. Be5 Bxe5 17. dxe5 Nc4 18. Nd3 Re8 19. Re1 Qb8 20. Qb3 Bxf3 21.
gxf3 Qxb3 22. axb3 Nd2 23. Kg2 Nxb3 24. Ra3 Reb8 25. e6 fxe6 26. Rxe6 Nd4 27.
Rf6 a5 28. Ra4 1/2-1/2

[Event "Banff op"]
[Site "Banff CAN"]
[Date "2022.11.13"]
[Round "6.25"]
[White "Wu, Charles"]
[Black "Moore, Kevin"]
[Result "1/2-1/2"]
[WhiteElo "1820"]
[BlackElo "1655"]
[PlyCount "110"]
[EventDate "2022.11.11"]
[EventType "swiss"]
[EventRounds "6"]
[EventCountry "CAN"]

1. d4 d5 2. Bf4 c5 3. e4 dxe4 4. d5 Nf6 5. Nc3 a6 6. Qe2 Nxd5 7. O-O-O e6 8.
Qxe4 Be7 9. Nxd5 exd5 10. Rxd5 Qb6 11. Bxb8 Rxb8 12. Qe5 Ra8 13. Nf3 Qh6+ 14.
Kb1 Be6 15. Rd1 O-O 16. Be2 Rfe8 17. Qc7 Bf6 18. Qxc5 Bxa2+ 19. Kxa2 Rxe2 20.
Rhe1 Rxe1 21. Rxe1 Qf4 22. Kb1 g6 23. Qd5 Kg7 24. Ne5 Rf8 25. Nd3 Qc7 26. f4
Rd8 27. Qf3 Qa5 28. Re2 Rd4 29. Qxb7 Ra4 30. c3 Ra1+ 31. Kc2 Qa4+ 32. Qb3 Qd7
33. Rd2 a5 34. Qc4 a4 35. Ne5 Qf5+ 36. Nd3 a3 37. bxa3 Rxa3 38. Kb2 Rxc3 39.
Qxc3 Bxc3+ 40. Kxc3 Qa5+ 41. Kc2 h5 42. g3 f6 43. Kd1 Qa1+ 44. Nc1 Kh6 45. Kc2
g5 46. fxg5+ Kxg5 47. Ne2 h4 48. Rd3 Qf1 49. Nd4 Qf2+ 50. Kc3 Kg6 51. Nf3 hxg3
52. Nh4+ Kf7 53. hxg3 Qe1+ 54. Kc2 Qf2+ 55. Kc3 Qc5+ 1/2-1/2

[Event "Banff op U1600"]
[Site "Banff CAN"]
[Date "2022.11.11"]
[Round "1.43"]
[White "McCoshen, Ricky"]
[Black "Vaagen, Nicholas"]
[Result "1-0"]
[WhiteElo "1618"]
[BlackElo "1138"]
[PlyCount "27"]
[EventDate "2022.11.11"]
[EventType "swiss"]
[EventRounds "6"]
[EventCountry "CAN"]

1. e4 c6 2. d4 d5 3. e5 c5 4. c3 Nc6 5. f4 e6 6. Nf3 h5 7. Bd3 Qb6 8. a3 cxd4
9. cxd4 Bd7 10. Bc2 Nh6 11. Nc3 Nf5 12. Bxf5 exf5 13. Nxd5 Qa6 14. Nc7+ 1-0

[Event "Banff op U1600"]
[Site "Banff CAN"]
[Date "2022.11.11"]
[Round "1.44"]
[White "Kovalivskyi, Danylo"]
[Black "Maheux, Pierre"]
[Result "0-1"]
[WhiteElo "1135"]
[BlackElo "1582"]
[PlyCount "38"]
[EventDate "2022.11.11"]
[EventType "swiss"]
[EventRounds "6"]
[EventCountry "CAN"]

1. d4 c5 2. Nc3 cxd4 3. Qxd4 Nc6 4. Qd1 g6 5. Nf3 Bg7 6. Bd2 d5 7. e3 a6 8. Qe2
Nf6 9. O-O-O O-O 10. e4 d4 11. Bg5 Bg4 12. h3 Bxf3 13. Qxf3 Qa5 14. Nd5 Qxa2
15. Nxf6+ exf6 16. Bxf6 Bh6+ 17. Bg5 Bxg5+ 18. Qe3 dxe3 19. f4 Qa1# 0-1

[Event "Banff op U1600"]
[Site "Banff CAN"]
[Date "2022.11.11"]
[Round "1.45"]
[White "Mikusek, Jerry"]
[Black "Gougeon, Patrick"]
[Result "1-0"]
[WhiteElo "1500"]
[BlackElo "1128"]
[PlyCount "85"]
[EventDate "2022.11.11"]
[EventType "swiss"]
[EventRounds "6"]
[EventCountry "CAN"]

1. d4 f5 2. Bf4 Nf6 3. Nf3 g6 4. e3 Bg7 5. Nbd2 O-O 6. Be2 b6 7. O-O Na6 8. Ng5
Qe8 9. Bf3 c6 10. c3 h6 11. Nh3 d6 12. e4 e5 13. dxe5 dxe5 14. Be3 f4 15. Nxf4
exf4 16. Bxf4 Qe6 17. Bg3 Bb7 18. Re1 Rad8 19. Qc2 Kh7 20. h4 Nh5 21. Bh2 Nf4
22. Re3 c5 23. Rae1 Be5 24. b3 b5 25. Bg3 h5 26. Bh2 Bc8 27. Bg3 Nc7 28. Bh2
Ne8 29. Bg3 Nf6 30. Be2 Ng4 31. Rf3 Nxe2+ 32. Rxe2 Rxd2 33. Qxd2 Rxf3 34. gxf3
Nf6 35. Bxe5 Qxe5 36. Qd8 Bh3 37. Rd2 Kg7 38. Rd6 Ne8 39. Rd5 Qe6 40. Rxc5 Qf7
41. Re5 Qxf3 42. Re7+ Kh6 43. Qd2+ 1-0

[Event "Banff op U1600"]
[Site "Banff CAN"]
[Date "2022.11.11"]
[Round "1.46"]
[White "Ratte, James"]
[Black "Lu, Kevin"]
[Result "1/2-1/2"]
[WhiteElo "1117"]
[BlackElo "1498"]
[PlyCount "79"]
[EventDate "2022.11.11"]
[EventType "swiss"]
[EventRounds "6"]
[EventCountry "CAN"]

1. d4 d5 2. e3 Nf6 3. Nf3 e6 4. Bd3 c5 5. b3 Nc6 6. O-O Bd6 7. Nbd2 O-O 8. Bb2
Re8 9. Ne5 Qc7 10. Ndf3 h6 11. c4 b6 12. h3 Bb7 13. Qe2 Nd7 14. Nxd7 Qxd7 15.
cxd5 exd5 16. Qd2 Rac8 17. Bb5 a6 18. Bxc6 Bxc6 19. Qc3 f6 20. Qd3 Bb5 21. Qd2
Bxf1 22. Rxf1 cxd4 23. Qxd4 Bc5 24. Qd3 a5 25. Rd1 Rcd8 26. Re1 a4 27. bxa4
Qxa4 28. Bxf6 Rd7 29. Bd4 Bxd4 30. Qxd4 Qxd4 31. Nxd4 Ra8 32. Rb1 Rd6 33. Rb2
Kf7 34. f4 Rb8 35. Kf2 g5 36. g3 Rg8 37. a4 g4 38. h4 Ra8 39. Rb4 Ra6 40. Ke2
1/2-1/2